| 000 | 00702nam a2200217 u 4500 | ||
|---|---|---|---|
| 005 | 20210223133716.0 | ||
| 008 | 181122s2007 mx r 000 0 spa d | ||
| 020 | _a9789708100984 | ||
| 035 | _aUPN01000228034 | ||
| 049 | _aI | ||
| 050 | 4 |
_aPQ7296 J6 _bS2.7 |
|
| 100 | 1 |
_aSaucedo Zarco, Carmen, _d1965- _942853 |
|
| 245 | 1 | 0 |
_aSor Juana y don Carlos : _buna amistad entre genios / _cCarmen Saucedo Zarco. |
| 260 |
_aMéxico : _bLumen : _bCONACULTA, _cc2007. |
||
| 300 |
_a47 p. : _bil. col. |
||
| 440 | 0 |
_aHuellas de México. _pEspejos de vida |
|
| 600 | 0 | 4 |
_aJUANA INES DE LA CRUZ, _cSOR, _d1651-1695 |
| 600 | 1 | 4 |
_aSIGUENZA Y GONGORA, CARLOS DE, _d1645-1700 |
| 905 | _aInfantil | ||
| 999 |
_c200129 _d200129 |
||